Poczta w Lublinieckim do 1922

Titel: Poczta w Lublinieckim do 1922
Verfasser:
In: Szkice lublinieckie, Band 8 (2008), Seite 24-29
alle Artikel anzeigen
Veröffentlicht: 2008
Format: Aufsatz
Sprache: Polnisch
Kein Bild verfügbar
X
alg: 39418981
001A    $01999:12-11-16 
001B    $01999:29-04-21 $t21:32:26.000 
001D    $01999:12-11-16 
001U    $0utf8 
001X    $00 
002@    $0Aox 
003@    $0394189817 
007A    $0394189817 $aHEB 
007T    $0Herdkk00013053 
010@    $apol 
011@    $a2008 
021A    $aPoczta w Lublinieckim do 1922 
028A    $aGoszyk $dEdward 
031A    $d8 $h24-29 $j2008 
037A    $aOd XVIII w.  
039B    $aIn $8--Abvc--. Szkice lublinieckie. - Lubliniec, 1986-. - ISSN 0860-3685 $x200800000080000976 $9182896552 
045F    $a330.09438 $eDDC23BSB 
045F/01 $a330.09 
045F/03 $g438 
045F/03 $g4385 

lok: 39418981 78

exp: 39418981 78 1 #EPN
201B/01 $018-11-16 $t10:52:56.000 
201U/01 $0utf8 
203@/01 $079030032X 
208@/01 $a12-11-16 $be 
209A/01 $a/ $f000 $x00 
220C/01 $aTitelaufnehmer: pbb 
220C/01 $aHerkunft: PBB/IH PAN 
244Z/01 $2Trx $#Silesia $#Śląsk $#Sliezsko $#Slezsko $8--Trx--Schlesien $x01 $9391173987 
244Z/01 $2Trx $#Poola $#Lenkija $#Polija $#Polen Land $#Poland $#Lengyelország $#Poľsko $#Polsko $8--Trx--Polska$gkraj $x02 $9391345966 
244Z/01 $2Trx $#Lublinitz $#Loben Tschenstochau $8--Trx--Lubliniec $x03 $9391273396 
244Z/01 $2Trx $#Loben Region $8--Trx--Lubliniec$gziemia $x04 $9391218875 
244Z/01 $aGeschichte 1922 $x05 
244Z/01 $2Trx $#post $#paštas $#postal service $#posta $#poczta $#pošta $#pošta $8--Trx--Post $x06 $9391369814 
244Z/01 $2Trx $8--Trx--Zeitschriftenaufsatz $x07 $9391384341 
245Z/01 $a09.05 $x01 
247C/01 $82080>Marburg/Lahn, Herder-Institut, Forschungsbibliothek, Bibliographieportal $9336309341
LEADER 00000caa a22000002c 4500
001 394189817
003 DE-603
005 20210429213226.0
007 tu
008 161112s2008 xx |||| | u00||u|pol c
035 |a (DE-599)HEB394189817 
040 |a DE-603  |b ger  |c DE-603  |d DE-603 
041 |a pol 
082 0 4 |8 1\u  |a 330.09438  |q DE-101  |2 23/BSB 
085 |8 1\u  |b 330.09 
085 |8 1\u  |z 2  |s 438 
085 |8 1\u  |z 2  |s 4385 
100 1 |a Goszyk, Edward 
245 0 0 |a Poczta w Lublinieckim do 1922 
264 0 |c 2008 
500 |a Od XVIII w. <pol> 
773 0 8 |i In  |t Szkice lublinieckie  |d Lubliniec, 1986-  |x 0860-3685  |g Band 8 (2008), Seite 24-29  |w (DE-603)182896552  |w (DE-600)2259923-X 
924 0 |9 2080  |a (DE-603)79030032X  |b DE-2080  |c HES  |d d  |g /